000 00702nam a2200241 i 4500
001 186431
003 SpMaBN
005 20231209062948.0
008 161111s1984 sp ac |||| |dspa d
020 _a84-237-0373-8
080 _a929(100)
100 1 _aVallejo-Nágera, Juan Antonio,
_d1926-1990
_9112855
245 1 0 _aLocos egregios /
_cJuan Antonio Vallejo-Nágera.
250 _a14ª ed.
260 _aMadrid :
_bDossat,
_c1984.
300 _a421 p. :
_bil., retr. ;
_c18 cm.
504 _aReferencias bibliográficas.
595 _aEd. de bolsillo.
599 _aRetr. del autor.
650 7 _aBiografías.
_910574
852 _aES-MaACL
_jL-30790
999 _c186431
_d186431